000 00432nam a2200181Ia 4500
001 19074
005 20260306171717.0
008 260306s9999||||xx |||||||||||||| ||und||
041 _aESP
082 _a658.8
_bH71
100 _aHoltje, Herbert F.
_eAUT
245 0 _aTeoría y problemas de mercadotecnia
260 _c1982
300 _a163 páginas :
_c27 cm.
650 _aGEN
654 _aCAN
942 _cLIB
_dJUS
_fJUS
_2ddc
_n
999 _c19074
_d19074